000 00595nam a2200181 4500
008 0 1997 0a 000 0MEX
020 _a970-15-1135-2, 978-970-15-1135-0
050 _aQD151.2 H84 1997
082 _a546 H875q
100 _aHuheey, James E.
245 _aQuímica Inorgánica . Principios de estructura y reactividad / James E. Huheey
250 _a4
260 _aMéxico : Oxford.
300 _a1023 p. / 23cm
500 _aIncluye ap‚ndice e índice.
650 _a1.QUÍMICA INORGÁNICA
700 _aKeiter, Ellen A., coaut. \ Aguilar Ortega, Ma. Teresa, Tr.
999 _c14234
_d14234